[Event "GER-chT U14 Girls"]
[Site "Neumuenster"]
[Date "2019.12.30"]
[Round "7.1"]
[White "Glowiak, Alexandra"]
[Black "Dietz, Kristin"]
[Result "0-1"]
[WhiteElo "1403"]
[BlackElo "1946"]
[PlyCount "92"]
[EventDate "2019.12.27"]
[EventType "team-swiss"]
[EventRounds "7"]
[EventCountry "GER"]
[SourceTitle "CBM 194 Extra"]
[Source "ChessBase"]
[SourceDate "2020.03.31"]
[SourceVersion "1"]
[SourceVersionDate "2020.03.31"]
[SourceQuality "1"]
[WhiteTeam "Priestewitz"]
[BlackTeam "Halle USV"]
[WhiteTeamCountry "GER"]
[BlackTeamCountry "GER"]

1. e4 c5 2. Nf3 e6 3. d4 cxd4 4. Nxd4 a6 5. Nc3 Qc7 6. Be3 Bb4 7. Nde2 Nf6 8. a3 Be7 9. Nd4 0-0 10. Be2 d6 11. 0-0 b5 12. f3 Bb7 13. Rc1 Nbd7 14. Nb3 Rac8 15. Qe1 d5 16. exd5 Nxd5 17. Nxd5 Bxd5 18. f4 Bf6 19. Nd4 Qd6 20. c3 Nc5 21. Rd1 Na4 22. Rd2 Qb8 23. Bf3 Nb6 24. f5 e5 25. Nc2 Bxf3 26. Rxf3 Nc4 27. Re2 Nxb2 28. Nb4 e4 29. Bf4 Qa7+ 30. Be3 Qb7 31. Rh3 Nd3 32. Qd1 Rxc3 33. Nxd3 Rxd3 34. Qc2 Rc8 35. Qb1 Qd5 36. Re1 Qb3 37. Qxb3 Rxb3 38. Bf4 Rxh3 39. gxh3 Rc4 40. Kg2 g6 41. Bh6 Bg7 42. Bg5 gxf5 43. Rf1 h6 44. Bh4 e3 45. Bg3 Rc3 46. Rxf5 Rxa3 0-1

[Event "GER-chT U14 Girls"]
[Site "Neumuenster"]
[Date "2019.12.29"]
[Round "6.5"]
[White "Glowiak, Alexandra"]
[Black "Hubert, Charlotte"]
[Result "1-0"]
[WhiteElo "1403"]
[BlackElo "1415"]
[PlyCount "113"]
[EventDate "2019.12.27"]
[EventType "team-swiss"]
[EventRounds "7"]
[EventCountry "GER"]
[SourceTitle "CBM 194 Extra"]
[Source "ChessBase"]
[SourceDate "2020.03.31"]
[SourceVersion "1"]
[SourceVersionDate "2020.03.31"]
[SourceQuality "1"]
[WhiteTeam "Priestewitz"]
[BlackTeam "Hamburger SK"]
[WhiteTeamCountry "GER"]
[BlackTeamCountry "GER"]

1. e4 c5 2. Nf3 e6 3. d4 cxd4 4. Nxd4 Nc6 5. Nc3 a6 6. Be3 Qc7 7. Be2 Nf6 8. 0-0 Be7 9. f4 d6 10. f5 Ne5 11. fxe6 fxe6 12. Bh5+ Nxh5 13. Qxh5+ Ng6 14. Qg4 Bf6 15. Qg3 0-0 16. Rad1 Bd7 17. Bd2 Be5 18. Qe1 Rad8 19. Bg5 Rxf1+ 20. Qxf1 Rf8 21. Qd3 Bf4 22. Bxf4 Nxf4 23. Qe3 Qc5 24. g3 Nh3+ 25. Kg2 e5 26. Nf5 Bxf5 27. Qxc5 dxc5 28. exf5 Ng5 29. h4 Nf7 30. Rd7 Rb8 31. Na4 b6 32. Ra7 a5 33. Ra6 Nh6 34. Rxb6 Rxb6 35. Nxb6 Nxf5 36. Nc4 e4 37. Nxa5 Ne3+ 38. Kf2 Nxc2 39. Nb3 c4 40. Na5 Nb4 41. Nxc4 Nxa2 42. Ke3 Kf7 43. Kxe4 Ke6 44. Ne5 Nb4 45. Nd3 Nc6 46. b4 Na7 47. g4 Nb5 48. Nf4+ Ke7 49. Kd5 Nc7+ 50. Kc6 Kd8 51. b5 Kc8 52. Nd5 Ne6 53. Nb6+ Kb8 54. Nd7+ Kc8 55. b6 Nd8+ 56. Kd6 Nb7+ 57. Ke7 1-0

[Event "GER-chT U14 Girls"]
[Site "Neumuenster"]
[Date "2019.12.29"]
[Round "5.4"]
[White "Werner, Rosalie"]
[Black "Glowiak, Alexandra"]
[Result "1-0"]
[WhiteElo "1674"]
[BlackElo "1403"]
[PlyCount "97"]
[EventDate "2019.12.27"]
[EventType "team-swiss"]
[EventRounds "7"]
[EventCountry "GER"]
[SourceTitle "CBM 194 Extra"]
[Source "ChessBase"]
[SourceDate "2020.03.31"]
[SourceVersion "1"]
[SourceVersionDate "2020.03.31"]
[SourceQuality "1"]
[WhiteTeam "Offenbach"]
[BlackTeam "Priestewitz"]
[WhiteTeamCountry "GER"]
[BlackTeamCountry "GER"]

1. e4 e5 2. Nf3 Nc6 3. Bc4 Bc5 4. c3 Nf6 5. d4 exd4 6. e5 Ng4 7. cxd4 Bb4+ 8. Nc3 d5 9. Bb5 Bf5 10. 0-0 Qd7 11. Qb3 Bxc3 12. Qxc3 0-0 13. h3 Nh6 14. Bxh6 gxh6 15. Rac1 Rab8 16. b3 Rfc8 17. Bxc6 bxc6 18. Qxc6 Qxc6 19. Rxc6 Rb6 20. Rfc1 Rxc6 21. Rxc6 Be6 22. Ne1 Kf8 23. g4 h5 24. f3 hxg4 25. hxg4 Ke7 26. Nd3 Kd7 27. Ra6 Ra8 28. Nb4 Rb8 29. Nd3 Ra8 30. Nc5+ Ke7 31. Rc6 Rc8 32. Kg2 Bd7 33. Rf6 Be6 34. Kg3 Rg8 35. Nxe6 fxe6 36. Rh6 Rg7 37. b4 Kd7 38. f4 Ke7 39. Kf3 Rf7 40. b5 Rg7 41. f5 exf5 42. gxf5 Ke8 43. f6 Rg1 44. Rxh7 Rf1+ 45. Kg4 Kf8 46. Rd7 Ke8 47. Rxd5 Kf7 48. Rd7+ Ke6 49. Rxc7 1-0

[Event "GER-ch U12 Girls"]
[Site "Willingen"]
[Date "2019.06.12"]
[Round "6"]
[White "Prinzen, Siri Marleen"]
[Black "Glowiak, Alexandra"]
[Result "1-0"]
[WhiteElo "1505"]
[BlackElo "1439"]
[PlyCount "51"]
[EventDate "2019.06.08"]
[EventType "swiss"]
[EventRounds "9"]
[EventCountry "GER"]
[SourceTitle "CBM 191 Extra"]
[Source "ChessBase"]
[SourceDate "2019.09.30"]
[SourceVersion "1"]
[SourceVersionDate "2019.09.30"]
[SourceQuality "1"]

1. e4 e5 2. Nf3 Nc6 3. Bc4 Bc5 4. c3 Nf6 5. d3 0-0 6. 0-0 d5 7. exd5 Nxd5 8. Bg5 Qd6 9. Nbd2 f5 10. Nb3 f4 11. d4 exd4 12. Nbxd4 Nxd4 13. Nxd4 Bxd4 14. Qxd4 Be6 15. Bxd5 Bxd5 16. Rfe1 Qc6 17. Re7 Rf7 18. Rxf7 Bxf7 19. Bxf4 a6 20. Be5 g6 21. Bh8 Kf8 22. Qg7+ Ke7 23. Re1+ Kd6 24. Qxf7 Qd5 25. Be5+ Kc6 26. Qxc7+ 1-0

[Event "GER-ch U12 Girls"]
[Site "Willingen"]
[Date "2019.06.11"]
[Round "4"]
[White "Wilmink, Anna"]
[Black "Glowiak, Alexandra"]
[Result "1-0"]
[WhiteElo "1466"]
[BlackElo "1439"]
[PlyCount "69"]
[EventDate "2019.06.08"]
[EventType "swiss"]
[EventRounds "9"]
[EventCountry "GER"]
[SourceTitle "CBM 191 Extra"]
[Source "ChessBase"]
[SourceDate "2019.09.30"]
[SourceVersion "1"]
[SourceVersionDate "2019.09.30"]
[SourceQuality "1"]

1. e4 e5 2. Nf3 Nc6 3. Bc4 Bc5 4. c3 Nf6 5. d4 exd4 6. cxd4 Bb4+ 7. Bd2 Bxd2+ 8. Nbxd2 d5 9. exd5 Nxd5 10. Qb3 Na5 11. Qa4+ c6 12. Bxd5 Qxd5 13. 0-0 0-0 14. Rfe1 b6 15. Re5 Qd7 16. Rae1 Ba6 17. Re7 Qc8 18. Qc2 Nb7 19. Ng5 g6 20. Qe4 Nd6 21. Qh4 h5 22. Qf4 Nf5 23. Rc7 Qd8 24. Rxc6 Bb5 25. Rc7 Qxd4 26. Qxd4 Nxd4 27. h3 Ne2+ 28. Kh2 Nf4 29. Re5 Ba6 30. g3 Nd3 31. Ree7 Nxb2 32. Nxf7 Kg7 33. Nd6+ Kh6 34. Rh7+ Kg5 35. N2e4# 1-0